[Event "Oceania zt"]
[Site "Cammeray"]
[Date "2015.07.05"]
[Round "2"]
[White "Wan, Kinto"]
[Black "Chen, Pengyu"]
[Result "0-1"]
[WhiteElo "1934"]
[BlackElo "2247"]
[PlyCount "82"]
[EventDate "2015.07.04"]
[EventType "swiss"]
[EventRounds "9"]
[EventCountry "AUS"]
[SourceTitle "CBM 167 Extra"]
[Source "ChessBase"]
[SourceDate "2015.09.14"]
[SourceVersion "1"]
[SourceVersionDate "2015.09.14"]
[SourceQuality "1"]

1. d4 Nf6 2. c4 e6 3. Nf3 c5 4. d5 d6 5. Nc3 exd5 6. cxd5 g6 7. e4 a6 8. a4 Bg4 9. Be2 Bxf3 10. gxf3 Nbd7 11. Be3 Bg7 12. a5 0-0 13. f4 Re8 14. Qc2 Qe7 15. Bf3 Rac8 16. Qe2 Qd8 17. 0-0 h6 18. Rfe1 Nh7 19. Qc4 Qh4 20. Kh1 g5 21. Rg1 f5 22. Qa4 Ndf6 23. fxg5 Nxg5 24. Bxg5 hxg5 25. exf5 Qxf2 26. Raf1 Qxb2 27. Ne4 Nxe4 28. Bxe4 Bf6 29. Bf3 Re7 30. Rg2 Qb5 31. Qd1 Rce8 32. Rgg1 Re3 33. Bh5 R8e4 34. Bg6 Re2 35. Qb1 Rxh2+ 36. Kxh2 Qe2+ 37. Rg2 Rh4+ 38. Kg1 Bd4+ 39. Rff2 Bxf2+ 40. Rxf2 Rg4+ 41. Kh1 Qxf2 0-1

[Event "Oceania zt"]
[Site "Cammeray"]
[Date "2015.07.05"]
[Round "3"]
[White "Yang, Ray"]
[Black "Wan, Kinto"]
[Result "0-1"]
[WhiteElo "1870"]
[BlackElo "1934"]
[PlyCount "118"]
[EventDate "2015.07.04"]
[EventType "swiss"]
[EventRounds "9"]
[EventCountry "AUS"]
[SourceTitle "CBM 167 Extra"]
[Source "ChessBase"]
[SourceDate "2015.09.14"]
[SourceVersion "1"]
[SourceVersionDate "2015.09.14"]
[SourceQuality "1"]

1. d4 Nf6 2. c4 e6 3. Nc3 d5 4. cxd5 exd5 5. Bg5 c6 6. e3 Bf5 7. Qf3 Bg6 8. Bxf6 gxf6 9. h4 h5 10. Nh3 Bb4 11. Be2 Nd7 12. 0-0 Qe7 13. Rfc1 Rg8 14. Nf4 Bxc3 15. Rxc3 Kf8 16. Qh3 f5 17. Bxh5 Bxh5 18. Nxh5 Rh8 19. Qxf5 Qxh4 20. Ng3 Nf6 21. Qf4 Qh2+ 22. Kf1 Ne4 23. Rcc1 Rh4 24. Qc7 Rg4 25. Qxb7 Nxg3+ 26. fxg3 Re8 27. Qb4+ Kg8 28. Qe1 Rxg3 29. Qf2 Rexe3 30. Rc2 Qh1+ 31. Qg1 Qh5 32. Qf2 Rgf3 33. gxf3 Rxf3 34. Kg1 Rxf2 35. Rxf2 Kf8 36. Raf1 Qg4+ 37. Kh1 Qh4+ 38. Kg1 Qe4 39. Kh2 Qxd4 40. Rxf7+ Ke8 41. R7f2 a5 42. Re1+ Kd7 43. Ree2 c5 44. Rd2 Qe5+ 45. Kg2 d4 46. Kf1 Qe4 47. a3 d3 48. Rfe2 Qf3+ 49. Ke1 Kc6 50. Rh2 Qe3+ 51. Kf1 Kb5 52. Rhf2 Kc4 53. Rh2 Kb3 54. Rhg2 c4 55. Rgf2 a4 56. Rg2 c3 57. bxc3 Kxc3 58. Ra2 Qc1+ 59. Kf2 d2 0-1

[Event "AUS-ch Reserves"]
[Site "Geelong"]
[Date "2012.01.06"]
[Round "9"]
[White "Ingram, Benny"]
[Black "Wan, Kinto"]
[Result "0-1"]
[WhiteElo "1991"]
[BlackElo "1842"]
[PlyCount "88"]
[EventDate "2011.12.27"]
[EventType "swiss"]
[EventRounds "11"]
[EventCountry "AUS"]
[SourceTitle "EXT 2023"]
[Source "ChessBase"]
[SourceDate "2022.10.05"]
[SourceVersion "1"]
[SourceVersionDate "2022.10.05"]
[SourceQuality "1"]

1. d4 Nf6 2. c4 e5 3. e3 exd4 4. exd4 d5 5. Nc3 c6 6. Bd3 Be6 7. cxd5 Bxd5 8. Nf3 Be7 9. 0-0 0-0 10. Ne5 Nbd7 11. Qc2 h6 12. Qe2 Bd6 13. Re1 Re8 14. f4 c5 15. Nxd5 Nxd5 16. Qh5 Qf6 17. Bd2 N7b6 18. dxc5 Bxc5+ 19. Kh1 Rad8 20. Rad1 Re6 21. Qg4 Rde8 22. Bb5 R8e7 23. a4 a6 24. Bf1 Nxa4 25. Bc4 Nab6 26. Ba2 Bd6 27. Ba5 Bxe5 28. Bxd5 Nxd5 29. Rxd5 Bc7 30. Rxe6 Rxe6 31. g3 Bxa5 32. Rxa5 Re1+ 33. Kg2 Qxb2+ 34. Kh3 Qe2 35. Qc8+ Kh7 36. Qf5+ Kg8 37. Qc8+ Qe8 38. Qxb7 Qe6+ 39. f5 Qe2 40. Qb8+ Kh7 41. Qf4 Rh1 42. g4 Rf1 43. Qe5 Rf3+ 44. Kh4 Qf2+ 0-1

[Event "AUS-ch Minor"]
[Site "Cammeray"]
[Date "2011.01.04"]
[Round "3"]
[White "Setiabudi, Megan"]
[Black "Wan, Kinto"]
[Result "1/2-1/2"]
[WhiteElo "1397"]
[BlackElo "1593"]
[PlyCount "45"]
[EventDate "2011.01.02"]
[EventType "swiss"]
[EventRounds "11"]
[EventCountry "AUS"]
[SourceTitle "EXT 2012"]
[Source "ChessBase"]
[SourceDate "2011.11.24"]
[SourceVersion "1"]
[SourceVersionDate "2011.11.24"]
[SourceQuality "1"]

1. e4 d6 2. d4 Nf6 3. Nc3 Nbd7 4. f4 e5 5. Nf3 Qe7 6. dxe5 dxe5 7. f5 Nc5 8. Bd3 Bd7 9. Qe2 Nxd3+ 10. Qxd3 Bxf5 11. exf5 e4 12. Nxe4 Qxe4+ 13. Qxe4+ Nxe4 14. Be3 Bb4+ 15. Ke2 0-0-0 16. Rhd1 c5 17. Rxd8+ Rxd8 18. Rd1 Rxd1 19. Kxd1 Ba5 20. Ke2 Bb6 21. g4 f6 22. Kd3 Nd6 23. c4 1/2-1/2

[Event "Sydney op-B"]
[Site "Parramatta"]
[Date "2010.04.09"]
[Round "5"]
[White "Dickson, Ian C"]
[Black "Wan, Kinto"]
[Result "0-1"]
[WhiteElo "1879"]
[BlackElo "1755"]
[PlyCount "74"]
[EventDate "2010.04.07"]
[EventType "swiss"]
[EventRounds "9"]
[EventCountry "AUS"]
[SourceTitle "EXT 2012"]
[Source "ChessBase"]
[SourceDate "2011.11.24"]
[SourceVersion "1"]
[SourceVersionDate "2011.11.24"]
[SourceQuality "1"]

1. e4 g6 2. d4 d6 3. Be3 Bg7 4. Nf3 Nf6 5. Nbd2 0-0 6. h3 Ne8 7. c3 e5 8. dxe5 dxe5 9. Nc4 Qe7 10. a4 a5 11. Be2 Nc6 12. 0-0 h6 13. Qc2 Kh8 14. Rad1 f5 15. Rd5 Qe6 16. Nfxe5 Nxe5 17. Nxe5 Kh7 18. exf5 Qxd5 19. fxg6+ Kh8 20. Nf7+ Rxf7 21. gxf7 Qxf7 22. Bd3 Nd6 23. Bg6 Qf6 24. g4 Qf3 25. Bd4 Qxh3 26. Bxg7+ Kxg7 27. Bh5 Bf5 28. Qe2 Be4 29. f3 Qg3+ 30. Kh1 Qh4+ 31. Kg1 Bg6 32. Bxg6 Kxg6 33. Qd3+ Kg7 34. Rf2 Qg3+ 35. Rg2 Qe1+ 36. Kh2 Re8 37. g5 Qh4+ 0-1

[Event "Sydney op-B"]
[Site "Parramatta"]
[Date "2010.04.08"]
[Round "3"]
[White "Stahnke, Alexander"]
[Black "Wan, Kinto"]
[Result "1-0"]
[WhiteElo "1918"]
[BlackElo "1755"]
[PlyCount "55"]
[EventDate "2010.04.07"]
[EventType "swiss"]
[EventRounds "9"]
[EventCountry "AUS"]
[SourceTitle "EXT 2012"]
[Source "ChessBase"]
[SourceDate "2011.11.24"]
[SourceVersion "1"]
[SourceVersionDate "2011.11.24"]
[SourceQuality "1"]

1. b3 e5 2. Bb2 d6 3. e3 Nf6 4. c4 Nc6 5. d4 exd4 6. exd4 d5 7. a3 Be6 8. Nf3 g6 9. Nbd2 Bg7 10. Bd3 0-0 11. Bc2 Ne8 12. 0-0 Nd6 13. Ne5 Nxe5 14. dxe5 dxc4 15. Qe2 cxb3 16. Bxb3 Bxb3 17. Nxb3 Qe7 18. Rae1 Nf5 19. f4 h5 20. Rf3 b6 21. Nd4 Nxd4 22. Bxd4 Rfd8 23. Bf2 Rd7 24. f5 Bh6 25. fxg6 fxg6 26. Qe4 Rf8 27. Qxg6+ Qg7 28. Qe6+ 1-0

[Event "AUS-ch Major"]
[Site "Cammeray"]
[Date "2010.01.09"]
[Round "7"]
[White "Siow Lee, Dylan"]
[Black "Wan, Kinto"]
[Result "1-0"]
[WhiteElo "1264"]
[BlackElo "1556"]
[PlyCount "65"]
[EventDate "2010.01.02"]
[EventType "swiss"]
[EventRounds "11"]
[EventCountry "AUS"]
[SourceTitle "EXT 2011"]
[Source "ChessBase"]
[SourceDate "2010.11.26"]
[SourceVersion "1"]
[SourceVersionDate "2010.11.26"]
[SourceQuality "1"]

1. e4 c5 2. d3 Nc6 3. g3 g6 4. Bg2 Bg7 5. f4 d6 6. Nf3 Nf6 7. 0-0 0-0 8. c3 Rb8 9. h3 b5 10. g4 a5 11. g5 Ne8 12. Nh2 Qb6 13. Kh1 e6 14. Nd2 Nc7 15. Rf3 a4 16. Rb1 Qa6 17. Ndf1 a3 18. Ra1 axb2 19. Bxb2 b4 20. Qd2 bxc3 21. Bxc3 Nd4 22. Rf2 Ncb5 23. Ng4 Nxc3 24. Qxc3 Qa7 25. Nf6+ Kh8 26. Ne3 Ba6 27. f5 Rb6 28. Rf4 Bxf6 29. gxf6 Ne2 30. fxg6 Nxc3 31. g7+ Kg8 32. Ng4 h5 33. Nh6+ 1-0

[Event "AUS-ch Major"]
[Site "Cammeray"]
[Date "2010.01.03"]
[Round "2"]
[White "Wan, Kinto"]
[Black "Mendes da Costa, Alex"]
[Result "0-1"]
[WhiteElo "1556"]
[BlackElo "1945"]
[PlyCount "104"]
[EventDate "2010.01.02"]
[EventType "swiss"]
[EventRounds "11"]
[EventCountry "AUS"]
[SourceTitle "EXT 2011"]
[Source "ChessBase"]
[SourceDate "2010.11.26"]
[SourceVersion "1"]
[SourceVersionDate "2010.11.26"]
[SourceQuality "1"]

1. e4 e5 2. Nf3 Nc6 3. Bc4 Bc5 4. 0-0 Nf6 5. d3 d6 6. Be3 Bb6 7. c3 Qe7 8. Nbd2 0-0 9. a4 Kh8 10. h3 Bd7 11. b4 Rad8 12. Qb3 Bc8 13. a5 Bxe3 14. fxe3 Be6 15. b5 Nb8 16. d4 Bxc4 17. Qxc4 d5 18. exd5 exd4 19. exd4 Qe3+ 20. Kh1 Nxd5 21. Rac1 f6 22. Qb3 Nf4 23. Nc4 Qe2 24. Qb2 Qxb2 25. Nxb2 Ne2 26. Rc2 Ng3+ 27. Kg1 Nxf1 28. Kxf1 c6 29. b6 axb6 30. axb6 Rfe8 31. Nc4 Rd5 32. Ra2 Na6 33. Ne1 Rf5+ 34. Rf2 Rxf2+ 35. Kxf2 Kg8 36. Nd3 Kf8 37. Nd6 Re7 38. Nb2 Rd7 39. Nbc4 Ke7 40. Nf5+ Ke6 41. g4 c5 42. Nce3 g6 43. d5+ Ke5 44. Ng3 c4 45. Ne2 Nc5 46. Kf3 Na4 47. h4 Nxb6 48. Nf4 Rc7 49. Ne6 Rc8 50. Nf4 Rc5 51. h5 g5 52. Ne6 Rc8 0-1

[Event "Doeberl Cup Major 47th"]
[Site "Canberra"]
[Date "2009.04.12"]
[Round "6"]
[White "Jule, Sebastian"]
[Black "Wan, Kinto"]
[Result "1-0"]
[WhiteElo "1714"]
[BlackElo "1402"]
[PlyCount "35"]
[EventDate "2009.04.10"]
[EventType "swiss"]
[EventRounds "6"]
[EventCountry "AUS"]
[SourceTitle "CBM 129 Extra"]
[Source "ChessBase"]
[SourceDate "2009.05.05"]
[SourceVersion "2"]
[SourceVersionDate "2009.05.20"]
[SourceQuality "1"]

1. d4 c6 2. c4 d5 3. cxd5 cxd5 4. Nc3 Nf6 5. Bf4 a6 6. e3 Bf5 7. Qb3 b5 8. a4 bxa4 9. Qb7 Nbd7 10. Bxa6 e6 11. Bc7 Rb8 12. Bxb8 Nxb8 13. Bb5+ Nbd7 14. Rxa4 Ke7 15. Ra7 g6 16. Bc6 Ne4 17. Nxe4 Bxe4 18. f3 1-0

[Event "Doeberl Cup Major 47th"]
[Site "Canberra"]
[Date "2009.04.11"]
[Round "3"]
[White "Wan, Kinto"]
[Black "Stead, Kerry"]
[Result "0-1"]
[WhiteElo "1402"]
[BlackElo "2087"]
[PlyCount "68"]
[EventDate "2009.04.10"]
[EventType "swiss"]
[EventRounds "6"]
[EventCountry "AUS"]
[SourceTitle "CBM 129 Extra"]
[Source "ChessBase"]
[SourceDate "2009.05.05"]
[SourceVersion "2"]
[SourceVersionDate "2009.05.20"]
[SourceQuality "1"]

1. e4 g6 2. d4 Bg7 3. c4 c5 4. Nf3 cxd4 5. Nxd4 Nc6 6. Be3 d6 7. Be2 Nf6 8. Nc3 Bd7 9. 0-0 0-0 10. Kh1 Rc8 11. f4 a6 12. Rc1 Nxd4 13. Bxd4 Bc6 14. Bf3 b5 15. cxb5 axb5 16. Qb3 Qa5 17. f5 b4 18. Ne2 Ba4 19. Qe3 gxf5 20. Bb6 Qe5 21. exf5 Nd7 22. Qd4 Rxc1 23. Rxc1 Nxb6 24. Qxb6 Qxb2 25. Qb7 Bf6 26. Qd5 b3 27. axb3 Bxb3 28. Qe4 Qd2 29. Rg1 Bd1 30. Nf4 Bc2 31. Qc4 Bxf5 32. g4 Bg6 33. Nd5 Bg5 34. Be4 e6 0-1

[Event "Sydney Centenary U1600"]
[Site "Sydney"]
[Date "2009.01.10"]
[Round "10"]
[White "Wan, Kinto"]
[Black "Ren, Jonathan"]
[Result "1/2-1/2"]
[WhiteElo "1387"]
[BlackElo "1392"]
[PlyCount "44"]
[EventDate "2009.01.02"]
[EventType "swiss"]
[EventRounds "11"]
[EventCountry "AUS"]
[SourceTitle "EXT 2023"]
[Source "ChessBase"]
[SourceDate "2022.10.05"]
[SourceVersion "1"]
[SourceVersionDate "2022.10.05"]
[SourceQuality "1"]

1. d4 Nc6 2. Nf3 d5 3. Bg5 Nf6 4. e3 a6 5. Bd3 Bg4 6. c3 e6 7. Nbd2 Be7 8. Qc2 Bh5 9. 0-0 Bg6 10. Bxf6 Bxf6 11. Rae1 0-0 12. e4 b5 13. e5 Be7 14. Re3 Na5 15. Ne1 Nc4 16. Rh3 c5 17. Nxc4 bxc4 18. Bxg6 fxg6 19. f4 cxd4 20. cxd4 Qb6 21. Qf2 g5 22. b3 Rxf4 1/2-1/2

[Event "Sydney Centenary U1600"]
[Site "Sydney"]
[Date "2009.01.07"]
[Round "7"]
[White "Wan, Kinto"]
[Black "Winston, Brent"]
[Result "1-0"]
[WhiteElo "1387"]
[BlackElo "1087"]
[PlyCount "120"]
[EventDate "2009.01.02"]
[EventType "swiss"]
[EventRounds "11"]
[EventCountry "AUS"]
[SourceTitle "EXT 2023"]
[Source "ChessBase"]
[SourceDate "2022.10.05"]
[SourceVersion "1"]
[SourceVersionDate "2022.10.05"]
[SourceQuality "1"]

1. e4 e5 2. Nf3 Nf6 3. Nxe5 Qe7 4. d4 d6 5. Nf3 Qxe4+ 6. Be2 Bf5 7. c3 Qc2 8. Qxc2 Bxc2 9. 0-0 Be7 10. Na3 Ba4 11. b3 Bc6 12. Nb5 Bxb5 13. Bxb5+ c6 14. Bd3 0-0 15. Re1 Re8 16. a4 d5 17. Bf4 Nbd7 18. b4 a6 19. a5 Nf8 20. Nd2 Ng6 21. Bxg6 fxg6 22. h3 h6 23. f3 g5 24. Bh2 Kf7 25. Nb3 Nd7 26. Nc5 Nxc5 27. bxc5 Bf6 28. Kf2 Rxe1 29. Rxe1 Re8 30. Rb1 Re7 31. Bd6 Rd7 32. Re1 Bd8 33. Ra1 Bc7 34. Bxc7 Rxc7 35. Ke3 Re7+ 36. Kd3 Kf6 37. g4 g6 38. Rb1 h5 39. c4 dxc4+ 40. Kxc4 Re3 41. Rxb7 Rxf3 42. Rc7 Rxh3 43. Rxc6+ Kg7 44. gxh5 Rxh5 45. Rxa6 Rh8 46. Rb6 g4 47. Kd3 Rf8 48. Rb2 Kh6 49. a6 Kh5 50. Rh2+ Kg5 51. a7 g3 52. Ra2 Ra8 53. c6 Kg4 54. c7 Kf3 55. c8Q Rxc8 56. a8Q+ Rxa8 57. Rxa8 g5 58. Rf8+ Kg4 59. Ke2 Kh4 60. Kf1 Kh3 1-0

[Event "AUS-ch U12"]
[Site "Canberra"]
[Date "2007.01.26"]
[Round "11"]
[White "Wan, Kinto"]
[Black "Zhang, Taiyang"]
[Result "0-1"]
[WhiteElo "847"]
[BlackElo "1138"]
[PlyCount "112"]
[EventDate "2007.01.14"]
[EventType "swiss"]
[EventRounds "11"]
[EventCountry "AUS"]
[SourceTitle "EXT 2008"]
[Source "ChessBase"]
[SourceDate "2007.11.25"]
[SourceVersion "1"]
[SourceVersionDate "2007.11.25"]
[SourceQuality "1"]

1. e4 c5 2. Nf3 e6 3. d4 cxd4 4. Nxd4 a6 5. Be3 Qc7 6. Nc3 Nf6 7. f3 d6 8. Qd2 Be7 9. 0-0-0 0-0 10. g4 b5 11. h4 Bb7 12. h5 Rc8 13. g5 Ne8 14. g6 Bf8 15. gxf7+ Qxf7 16. Bh3 Nc7 17. Rdg1 Kh8 18. Kb1 Nd7 19. Ka1 Nc5 20. Nb3 Nxb3+ 21. cxb3 a5 22. Qe2 Ba6 23. Qf2 Ne8 24. Bf1 b4 25. Bxa6 Rxa6 26. Ne2 Rc2 27. Rc1 Rac6 28. Kb1 Rxc1+ 29. Rxc1 Rxc1+ 30. Kxc1 Qxh5 31. Ng3 Qb5 32. Qe2 Qc6+ 33. Kd2 a4 34. Qc4 Qxc4 35. bxc4 g6 36. Ne2 Kg7 37. Nd4 Nc7 38. Bg5 Kf7 39. Bd8 Na6 40. Ba5 Bh6+ 41. Kd1 Bg7 42. Bb6 h5 43. Kc2 h4 44. Ne2 h3 45. Bg1 e5 46. Kd1 Nc5 47. Nc1 Bh6 48. Kc2 Bxc1 49. Kxc1 Nd3+ 50. Kc2 Ne1+ 51. Kd1 Nxf3 52. Bf2 h2 53. Ke2 h1Q 54. Be3 Nd4+ 55. Kd2 Qg2+ 56. Kd1 Qe2+ 0-1

[Event "AUS-ch U12"]
[Site "Canberra"]
[Date "2007.01.15"]
[Round "2"]
[White "Wan, Kinto"]
[Black "Stahnke, Alexander"]
[Result "1-0"]
[WhiteElo "847"]
[BlackElo "1467"]
[PlyCount "47"]
[EventDate "2007.01.14"]
[EventType "swiss"]
[EventRounds "11"]
[EventCountry "AUS"]
[SourceTitle "EXT 2008"]
[Source "ChessBase"]
[SourceDate "2007.11.25"]
[SourceVersion "1"]
[SourceVersionDate "2007.11.25"]
[SourceQuality "1"]

1. e4 e5 2. Nf3 Nc6 3. Bc4 Nf6 4. d3 Bc5 5. Nc3 d6 6. h3 Be6 7. Bb3 Qd7 8. Be3 Bxe3 9. fxe3 h5 10. Ba4 0-0-0 11. d4 exd4 12. Nxd4 Rdg8 13. Qe2 Kd8 14. 0-0-0 Nxd4 15. Rxd4 Qe7 16. e5 Nd7 17. Rhd1 Nxe5 18. Qb5 Bc8 19. Qa5 b6 20. Qxa7 f6 21. Nd5 Qf7 22. Nxb6 cxb6 23. Rxd6+ Bd7 24. Rxd7+ 1-0